Musique - Patricia Kaas - Statistiques

Statistiques générales
  • Ce quiz a été pris 14 fois
  • Le résultat moyen est 3 sur 10
Statistiques - réponses
Numéro Chanson % Correct
1 Mon mec à moi
85%
9 Mademoiselle chante le blues
77%
3 D'allemagne
46%
6 Quand Jimmy dit
38%
8 Elle voulait jouer cabaret
15%
2 Vénus des abribus
15%
10 Chanson d'amour pas finie
8%
4 Des mensonges en musique
8%
7 Souvenirs de l'est
8%
5 Un dernier blues
8%
Aucun quiz correspondant
Distribution des résultats
% des personnes avec chaque résultat
Percentile par nombre de réponses
Votre historique - résultats
Vous n’avez pas pris ce quiz